Political and Economic Development of Argentina in 21st Century diplomová práca

Guardado en:
Detalles Bibliográficos
Autor principal: Kirchev, Ivan
Autor Corporativo: Fakulta medzinárodných vzťahov EU. Katedra medzinárodných politických vzťahov
Otros Autores: Dziura, Boris, 1976-
Formato: Libro
Lenguaje:inglés
Publicado: Bratislava 2024
Etiquetas: Agregar Etiqueta
Sin Etiquetas, Sea el primero en etiquetar este registro!

MARC

LEADER 00000nbm a2200000 4500
001 0304050
005 20250912102542.4
041 0 |a eng 
044 |a SK 
245 1 0 |a Political and Economic Development of Argentina in 21st Century  |b diplomová práca  |c Ivan Kirchev ; školiteľ: Boris Dziura 
264 1 |a Bratislava  |c 2024 
300 |a 79 s. 
100 1 |a Kirchev, Ivan 
700 1 |a Dziura, Boris, 1976- 
710 2 |a Fakulta medzinárodných vzťahov EU. Katedra medzinárodných politických vzťahov